ბათუმის შოთა რუსთაველის სახელმწიფო უნივერსიტეტის ბიბლიოთეკა

Экономика нефтеперерабатывающей и нефтехимической промышленности. (ბიბ.ჩანაწერი № 40833)

000 -LEADER
fixed length control field 00853nam a2200229Ia 4500
001 - CONTROL NUMBER
control field 7473
003 - CONTROL NUMBER IDENTIFIER
control field GE_BSU
008 - FIXED-LENGTH DATA ELEMENTS--GENERAL INFORMATION
fixed length control field 181216s||||||||xx |||||||||||||| ||und||
040 ## - CATALOGING SOURCE
Transcribing agency GE_BSU
080 ## - UNIVERSAL DECIMAL CLASSIFICATION NUMBER
Universal Decimal Classification number 665.63:338(075.8)
100 ## - MAIN ENTRY--PERSONAL NAME
Personal name Егоров,В.И. Злотникова,Л.Г.
245 ## - TITLE STATEMENT
Title Экономика нефтеперерабатывающей и нефтехимической промышленности.
245 ## - TITLE STATEMENT
Remainder of title Учебник для вузов.
245 ## - TITLE STATEMENT
Statement of responsibility, etc. Ред.Д.Н.Семенова.
250 ## - EDITION STATEMENT
Edition statement 2-е изд. перераб.
260 ## - PUBLICATION, DISTRIBUTION, ETC.
Place of publication, distribution, etc. М.
260 ## - PUBLICATION, DISTRIBUTION, ETC.
Name of publisher, distributor, etc. Химия.
260 ## - PUBLICATION, DISTRIBUTION, ETC.
Date of publication, distribution, etc. 1982.
300 ## - PHYSICAL DESCRIPTION
Extent 288стр.22см.с илл.библиогр.:стр.280.
653 ## - INDEX TERM--UNCONTROLLED
Uncontrolled term Экономика нефтеперерабатывающей и нефтехимической промышленности.
942 ## - ADDED ENTRY ELEMENTS (KOHA)
Koha item type წიგნი
ეგზემპლარები
Withdrawn status Lost status Damaged status Not for loan Date acquired Barcode Date last seen Price effective from Koha item type
        2018-12-17 10157 2018-12-17 2018-12-17 წიგნი
        2018-12-17 9437 2018-12-17 2018-12-17 წიგნი